| 000 | 00483nam a22001577a 4500 | ||
|---|---|---|---|
| 005 | 20120502124020.0 | ||
| 008 | 120502t xxu||||| |||| 00| 0 eng d | ||
| 020 |
_c950.00 _a8181160231 |
||
| 035 | _aB-162077 | ||
| 040 |
_aDPL _bENG |
||
| 100 |
_aSinha, Bhattacharjea Mira _946210 |
||
| 245 |
_aChina the World and India / _cby Mira Sinha Bhattacharjea |
||
| 260 |
_aNew Delhi _bSamskriti _c2001 |
||
| 300 |
_axv, 480p. _c22cm |
||
| 942 |
_2ddc _cEN _h327.54051 _mSIN |
||
| 999 |
_c65986 _d65986 |
||